Sports Quiz

Random Sports or MLB Quiz

Projected 2013 MLB Line-ups Quiz Stats

 Plays Quiz not verified by Sporcle

Support Sporcle.
Go Orange.
Score 0/285 Timer 20:00
0 Plays Today
% Correct
Adam Jones
91.4%
Matt Wieters
90.5%
Garrett Jones
90.5%
Robinson Cano
89.3%
Derek Jeter
89.2%
Chris Davis
88.8%
Asdrubal Cabrera
88.6%
Ike Davis
88.3%
Dustin Pedroia
88.2%
Miguel Cabrera
88.1%
Melky Cabrera
87.8%
Everth Cabrera
87%
David Ortiz
86.8%
Joe Mauer
86.4%
Mark Teixeira
86.3%
Evan Longoria
86.2%
CC Sabathia
86.1%
Curtis Granderson
85.8%
Prince Fielder
85%
Ichiro Suzuki
84.9%
Jose Molina
84.3%
Leonys Martin
84.3%
Russell Martin
84.3%
Jacoby Ellsbury
84.2%
Jose Reyes
84.2%
Alexei Ramirez
84.1%
Aramis Ramirez
83.5%
Hanley Ramirez
83.5%
Mike Napoli
83.2%
Carlos Santana
83.1%
Albert Pujols
83.1%
Yadier Molina
82.9%
J.J. Hardy
82.5%
Jose Bautista
82.1%
David Price
82%
Johan Santana
81.9%
Austin Jackson
81.5%
Justin Morneau
81.5%
Paul Konerko
81.4%
Mike Trout
81.4%
Jon Lester
81.3%
Nick Markakis
81%
Brandon Belt
80.6%
Josh Hamilton
80.3%
B.J. Upton
80.2%
Justin Verlander
80.1%
Justin Upton
80.1%
Carlos Gonzalez
80.1%
Adrian Gonzalez
80%
Joey Votto
79.5%
Victor Martinez
79.4%
Ryan Howard
79.3%
Brian Roberts
79.2%
Ben Zobrist
79.2%
Chase Utley
79.1%
Brett Gardner
79%
Jarrod Saltalamacchia
78.6%
J.D. Martinez
78.5%
Ryan Roberts
78.4%
Fernando Martinez
78.4%
Lorenzo Cain
78.3%
Matt Cain
78%
Edwin Encarnacion
77.9%
Jimmy Rollins
77.7%
Brandon Phillips
77.5%
Alex Avila
77.2%
Michael Young
77.2%
Kevin Youkilis
76.9%
Alex Gordon
76.7%
Ian Kinsler
76.2%
Adrian Beltre
76.2%
Chris Johnson
76.1%
Kurt Suzuki
76%
Starlin Castro
76%
Jason Castro
75.9%
Manny Machado
75.7%
Billy Butler
75.7%
Felix Hernandez
75.7%
Eric Hosmer
75.6%
Buster Posey
75.5%
Ryan Zimmerman
75.2%
David Wright
75.1%
Bryce Harper
75%
R.A. Dickey
74.9%
Jason Heyward
74.9%
Jered Weaver
74.5%
Giancarlo Stanton
74.5%
Andrew McCutchen
74.3%
Ryan Braun
74.2%
Adam Dunn
74.1%
Shane Victorino
73.8%
Stephen Strasburg
73.8%
Elvis Andrus
73.6%
Freddie Freeman
73.2%
Torii Hunter
73%
% Correct
Carl Crawford
73%
Brandon Crawford
73%
Nick Swisher
72.8%
Nelson Cruz
72.7%
Luis Cruz
72.7%
Jhonny Peralta
72.6%
Clayton Kershaw
72.4%
Matt Kemp
72.3%
Roy Halladay
72.2%
Dan Uggla
72%
Yunel Escobar
71.7%
Howie Kendrick
71.7%
Ian Desmond
71.7%
Jay Bruce
71.5%
Shin-Soo Choo
71.4%
Troy Tulowitzki
71.3%
Alcides Escobar
71.2%
Pablo Sandoval
71%
Stephen Drew
70.8%
Adam LaRoche
70.8%
Matt Holliday
70.4%
Chris Sale
70.2%
Carlos Beltran
70.2%
Rickie Weeks
70.1%
Carlos Pena
70%
Mark Trumbo
70%
Adam Lind
69.9%
Brett Lawrie
69.5%
James Shields
69.5%
Jesus Montero
69.4%
Miguel Montero
69.3%
Andre Ethier
69.3%
Alex Rios
69.1%
Denard Span
69%
Chase Headley
68.6%
Jayson Werth
68.5%
Daniel Murphy
68.4%
David Freese
68.4%
David Murphy
68.2%
Will Middlebrooks
68.1%
Todd Helton
68%
J.P. Arencibia
67.6%
Adam Wainwright
67.5%
Mark Reynolds
67.4%
Desmond Jennings
67.3%
Gordon Beckham
67.3%
Aaron Hill
67.3%
Coco Crisp
67%
Alfonso Soriano
66.9%
Josh Willingham
66.6%
Tim Hudson
66.4%
Johnny Cueto
66.3%
Erick Aybar
65.7%
A.J. Pierzynski
65.7%
Angel Pagan
65.5%
Colby Rasmus
65%
Yu Darvish
65%
Omar Infante
64.9%
Jason Kipnis
64.8%
John Jay
64.8%
A.J. Ellis
64.4%
Mark Ellis
64.4%
Ben Revere
63.7%
Yoenis Cespedes
63.6%
Martin Prado
63.1%
Corey Hart
63.1%
Ubaldo Jimenez
62.7%
Drew Stubbs
62.4%
Salvador Perez
62.4%
John Buck
62.4%
James Loney
62%
Allen Craig
61.9%
Mitch Moreland
61.8%
Paul Goldschmidt
61.5%
Mike Moustakas
61.3%
Danny Espinosa
61.3%
Josh Reddick
61.2%
Chris Stewart
61%
Ian Stewart
60.8%
Hunter Pence
60.8%
Ian Kennedy
60.1%
Cody Ross
59.9%
Domonic Brown
59.8%
Anthony Rizzo
59.8%
Neil Walker
59.8%
Jose Altuve
59.6%
Yovani Gallardo
59.3%
Raul Ibanez
59.1%
Marco Scutaro
59%
Matt Joyce
58.7%
Michael Morse
58.5%
Alejandro De Aza
58.3%
Kendrys Morales
58.3%
Rafael Furcal
58.3%
A.J. Burnett
57.9%
% Correct
Chris Iannetta
57.7%
Placido Polanco
57.5%
Seth Smith
56.9%
Dustin Ackley
56.7%
Logan Morrison
56.3%
Carlos Gomez
56%
Darwin Barney
55.8%
Brett Anderson
55.7%
Jonny Gomes
55.6%
Pedro Alvarez
55.4%
Tyler Flowers
54.7%
John Jaso
54.3%
Emilio Bonifacio
54.2%
Jed Lowrie
54.2%
Michael Brantley
54%
Dexter Fowler
53.9%
Jason Hammel
53.7%
Peter Bourjos
53.5%
Andrelton Simmons
53.5%
Lance Berkman
53.2%
Michael Cuddyer
53.2%
Jeff Francoeur
52.9%
Nate McLouth
52.8%
Jonathan Lucroy
51.9%
Jason Kubel
51.8%
Jorge De La Rosa
51.1%
Bud Norris
50.5%
Chris Getz
50.2%
Andy Dirks
50.1%
Brendan Ryan
49.5%
Zack Cozart
49.4%
Juan Pierre
49.2%
John Mayberry Jr.
49.2%
Matt Garza
49.1%
Cameron Maybin
48.8%
Cliff Pennington
48.7%
Ruben Tejada
48.5%
Trevor Plouffe
48.3%
Kyle Seager
48.3%
Brandon Moss
48.1%
Lucas Duda
47.8%
Todd Frazier
47.4%
Brett Wallace
47.1%
Ryan Ludwick
47.1%
Alberto Callaspo
46.8%
Franklin Gutierrez
46.4%
Dayan Viciedo
46.3%
Wilson Betemit
46.1%
Nick Hundley
45.8%
Ricky Nolasco
44.8%
Eduardo Nunez
44.6%
Scott Sizemore
44.4%
Edinson Volquez
44.1%
David DeJesus
44%
Daniel Descalso
43.9%
Michael Saunders
43.6%
Sam Fuld
42.8%
Ryan Hanigan
42.5%
Wilin Rosario
41.5%
Carlos Quentin
41.4%
Norichika Aoki
41%
Ryan Doumit
40.1%
Josh Donaldson
39.8%
Lonnie Chisenhall
39.5%
Gregor Blanco
39.2%
Clint Barmes
38.9%
Vance Worley
38.8%
Jamey Carroll
38.3%
Jeff Keppinger
38.2%
Yonder Alonso
38.1%
Gerald Laird
36.5%
Juan Francisco
35.2%
Starling Marte
34.3%
Welington Castillo
33.3%
Erik Kratz
33.2%
Will Venable
31.8%
Justin Maxwell
29.6%
Travis Snider
29.5%
Nate Schierholtz
29.4%
Justin Ruggiano
28.5%
Donovan Solano
25%
Pedro Flormion Jr.
24.5%
Chris Parmelee
24.1%
Mike Baxter
23.7%
Rob Brantly
23.4%
Adeiny Hechavarria
23.4%
Kirk Nieuwenhuis
23.3%
Chris Nelson
23.2%
Matt Dominguez
22.8%
Jean Segura
22.3%
Josh Rutledge
21.3%
Logan Forsythe
21.3%
Darin Mastroianni
18.2%
Hiroyuki Nakajima
17.8%
Chris McGuiness
15.5%

You're not logged in!

Compare scores with friends on all Sporcle quizzes.
OR
Log In

From the Vault

10 Cities North of Cleveland (Blitz)

by viator_mundi

Okay, we promise not to make any jokes about the Browns this time.
Remove Ads.
Support Sporcle.
Get the best of Sporcle when you Go Orange. This ad-free experience offers more features, more stats, and more fun while also helping to support Sporcle. Thank you for becoming a member.

Show Comments

Extras

Top Quizzes Today


Score Distribution

Your Account Isn't Verified!

In order to create a playlist on Sporcle, you need to verify the email address you used during registration. Go to your Sporcle Settings to finish the process.

Report this User

Report this user for behavior that violates our Community Guidelines.

Details: